000 00642nas a2200229 4500
001 BR8900331
003 BR-BrBNA
005 20231205091436.0
007 ta
008 230509b bl.|||p| |||| 00| 00por d
040 _aBR-BrBNA
_bpor
_cBiblioteca Nacional de Agricultura
041 _a(Pt)
072 _aL01
100 1 _aAnon.
245 1 _aPropolis, como produzir, coleta e armazenar
650 _aPROPOLIS
650 _aABELHA
650 _aAPICULTURA
773 0 _tApicultura no Brasil (Brazil)
_xISSN 0102-3659
_g(Jan-Feb 1988), v. 4(24) p. 24-27
_wBR8900331
909 _a202311
_bLúcia
_c55
_dLúcia Elande
942 _2AGRIS
_n0
_cANA
999 _c125116
_d125116